Dumbo - When I See an Elephant Fly Lyrics - Statistics

General Stats
  • This quiz has been taken 38 times
  • The average score is 117 of 153
Answer Stats
Answer % Correct
a
100%
an
100%
elephant
100%
fly
100%
I
100%
see
100%
When
100%
when
100%
everything
89%
seen
89%
be
78%
But
78%
about
72%
and
67%
And
67%
heard
67%
its
67%
band
61%
diamond
61%
done
61%
peanut
61%
ring
61%
rubber
61%
saw
61%
to
61%
eye
56%
I'd
56%
stand
56%
swing
56%
that
56%
die
50%
front
50%
Just
50%
just
50%
man
50%
needle
50%
porch
50%
take
50%
thought
50%
vegetable
50%
winked
50%
word
50%
your
50%
baseball
44%
bat
44%
horse
44%
I'll
44%
laughed
44%
only
44%
sociable
44%
truck
44%
buck
39%
chat
39%
clothes
39%
didn't
39%
fireside
39%
made
39%
me
39%
railroad
39%
tie
39%
polka-dot
33%
rear
33%
tell
33%
they
33%
till
33%
up
33%
said
11%
No matching quizzes found
Score Distribution
Percent of People with Each Score
Percentile by Number Answered
Your Score History
You have not taken this quiz